|
|
|
|
| LEADER |
00000nab a2200000 a 4500 |
| 001 |
vtls000902525 |
| 003 |
SK-MaSNL |
| 005 |
20260304010235.0 |
| 008 |
040720e19981228xo 0 slo |
| 035 |
|
|
|a KE11498
|
| 040 |
|
|
|a KEVKJB
|b slo
|c KEVKJB
|e AACR2
|
| 041 |
0 |
|
|a slo
|
| 044 |
|
|
|a xo
|c SK
|
| 080 |
|
|
|a 324
|2 1981
|
| 080 |
|
|
|a 329
|2 1981
|
| 245 |
0 |
0 |
|a Koho sme zvolili do miestnych zastupiteľstiev
|
| 650 |
0 |
7 |
|a komunálne voľby
|2 SNKPH
|9 4164
|
| 650 |
0 |
7 |
|a miestne zastupiteľstvá
|2 SNKPH
|9 873836
|
| 650 |
0 |
7 |
|a politické strany
|2 SNKPH
|9 3589
|
| 650 |
0 |
7 |
|a poslanci
|2 SNKPH
|9 1797
|
| 650 |
0 |
7 |
|a informácie
|2 SNKPH
|9 1285
|
| 651 |
|
7 |
|a Sídlisko KVP (Košice II, Slovensko)
|2 SNKPHgeo
|9 160199
|
| 651 |
|
7 |
|a Dargovských hrdinov (Košice III, Slovensko)
|2 SNKPHgeo
|9 29903
|
| 651 |
|
7 |
|a Košice (Slovensko)
|2 SNKPHgeo
|9 18694
|
| 651 |
|
7 |
|a KE,
|2 KEVKJB
|9 877256
|
| 655 |
|
7 |
|a periodikum
|2 SNKPH
|9 29553
|
| 700 |
0 |
|
|a Koho
|4 iní
|9 873844
|
| 773 |
0 |
8 |
|t Košický večer
|g Roč. 9
|g Roč. 30, č.248, 28.12.1998, s. 3
|
| 852 |
|
|
|a ZVYKNI
|b KIS3GCP
|
| 999 |
|
|
|c 2559942
|d 2561872
|